000
00199 a2200109 4500
020
_a
9780618227747
041
_a
spa
100
_a
Tomie DePaola
245
_a
Como Dicen
942
_c
BK
952
_7
1
999
_c
18397
_d
18397